'R' Books by Cover Quiz Stats

 Plays Quiz Updated Jul 9, 2016

Also try: 'P' Books by Cover
Challenge
Share
Tweet
Score 0/15 Timer 05:00
2 Plays Today
Book % Correct
Romeo and Juliet
87%
Robinson Crusoe
76.4%
Roots
67.3%
The Return of the King
66.7%
The Republic
64.2%
The Red Badge of Courage
58.2%
The Road
56.1%
Rebecca
55.4%
Book % Correct
Red Dragon
51.5%
Rabbit, Run
46.1%
A Room With a View
45.9%
The Restaurant at the End of the Universe
36.7%
The Remains of the Day
31.7%
Revolutionary Road
19.2%
Reading Lolita in Tehran
18.4%

You're not logged in!

Compare scores with friends on all Sporcle quizzes.
Join for Free
OR
Log In

You Might Also Like...

Show Comments

Extras

Top Quizzes Today


Score Distribution

Your Account Isn't Verified!

In order to create a playlist on Sporcle, you need to verify the email address you used during registration. Go to your Sporcle Settings to finish the process.

Report this User

Report this user for behavior that violates our Community Guidelines.

Details: